Chess by Picture - Statistics

General Stats
  • This quiz has been taken 59 times
  • The average score is 11 of 18
Answer Stats
Picture Hint Answer % Correct
Piece Bishop
98%
Website Chess.com
92%
Country India
85%
Grandmaster Magnus Carlsen
81%
Move Castling
79%
Series The Queen's Gambit
77%
Novel Harry Potter and the Philosopher's Stone
73%
Situation Stalemate
73%
Opening {Sicilian} Defence
71%
Ranking system Elo
69%
Grandmaster Bobby Fischer
65%
Grandmaster Garry Kasparov
63%
Computer Deep Blue
50%
Checkmate Scholar's mate
44%
Material Ivory
27%
Machine Mechanical Turk
27%
Type of pieces Fairy pieces
13%
Novella The Royal Game
4%
No matching quizzes found
Score Distribution
Percent of People with Each Score
Percentile by Number Answered
Your Score History
You have not taken this quiz